Tratado de responsabilidad civil. Tomo III, Parte especial y acciones de responsabilidad civil /

Guardado en:
Autor Principal: Pizarro, Ramón Daniel
Otros Autores: Vallespinos, Carlos Gustavo
Formato: Libro
Idioma:Spanish
Publicado: Santa Fe : Rubinzal - Culzoni, 2018
Edición:1ª ed. revisada
Materias:
Etiquetas: Agregar Etiqueta
Sin Etiquetas, Sea el primero en etiquetar este registro!
LEADER 01103nam a22002655a 4500
001 DER.der013595
008 180615s2017####ag#||||||||||||||#||spa||
005 20210802120237.0
245 1 0 |a Tratado de responsabilidad civil.  |n Tomo III,  |p Parte especial y acciones de responsabilidad civil /  |c Ramón Daniel Pizarro , Carlos Gustavo Vallespinos. 
250 |a 1ª ed. revisada 
260 |a Santa Fe :  |b Rubinzal - Culzoni,  |c 2018 
300 |a 755 p. 
020 |a 9789873008603 
100 1 |a Pizarro, Ramón Daniel 
700 1 |a Vallespinos, Carlos Gustavo 
650 7 |a indemnización  |2 SAIJ 
653 |a RESPONSABILIDAD CIVIL 
653 |a RESPONSABILIDADES ESPECIALES 
653 |a RESPONSABILIDAD DE LOS ESTABLECIMIENTOS EDUCATIVOS 
653 |a RESPONSABILIDAD DE LOS CONSECIONARIOS DE PEAJE 
653 |a RESPONSABILIDAD DE LOS MEDIOS MASIVOS DE COMUNICACION 
653 |a RESPONSABILIDAD CIVIL DE LOS PROVEEDORES DE SERVICIOS DE INTERNET 
653 |a ACCIONES DE RESPONSABILIDAD 
653 |a RELACIONES ENTRE LA ACCION CIVIL Y LA ACCION PENAL 
859 |a DERECHO  |b BIB. DERECHO  |h 346  |i PIZ  |k 1.28  |p 008622  |t 1